Energy conservation in buildings : (Record no. 355558)

000 -LEADER
fixed length control field 00996cam a22002894a 4500
001 - CONTROL NUMBER
control field 13020067
003 - CONTROL NUMBER IDENTIFIER
control field Nust- CAS-E
005 - DATE AND TIME OF LATEST TRANSACTION
control field 20180118181405.0
008 - FIXED-LENGTH DATA ELEMENTS--GENERAL INFORMATION
fixed length control field 021204s2003 maua b 000 0 eng
010 ## - LIBRARY OF CONGRESS CONTROL NUMBER
LC control number 2002038347
020 ## - INTERNATIONAL STANDARD BOOK NUMBER
International Standard Book Number 1405112530 (pbk.)
040 ## - CATALOGING SOURCE
Original cataloging agency DLC
Transcribing agency DLC
Modifying agency DLC
042 ## - AUTHENTICATION CODE
Authentication code pcc
043 ## - GEOGRAPHIC AREA CODE
Geographic area code e-uk---
050 00 - LIBRARY OF CONGRESS CALL NUMBER
Classification number TJ163.5.B84
Item number W373 2003
082 00 - DEWEY DECIMAL CLASSIFICATION NUMBER
Classification number 696
Edition number 21
Author Mark WAT-E 2003
100 1# - MAIN ENTRY--PERSONAL NAME
Personal name Waters, J. R.
245 10 - TITLE STATEMENT
Title Energy conservation in buildings :
Remainder of title a guide to Part L of the Building regulations /
Statement of responsibility, etc. J.R. Waters.
260 ## - PUBLICATION, DISTRIBUTION, ETC.
Place of publication, distribution, etc. Malden, MA :
Name of publisher, distributor, etc. Blackwell Pub.,
Date of publication, distribution, etc. 2003.
300 ## - PHYSICAL DESCRIPTION
Extent xiv, 202 p. :
Other physical details ill. ;
Dimensions 25 cm.
502 ## - DISSERTATION NOTE
Dissertation note 0
504 ## - BIBLIOGRAPHY, ETC. NOTE
Bibliography, etc. note Includes bibliographical references (p. 199-202).
650 #0 - SUBJECT ADDED ENTRY--TOPICAL TERM
Topical term or geographic name entry element Buildings
General subdivision Energy conservation
-- Standards
Geographic subdivision Great Britain.
906 ## - LOCAL DATA ELEMENT F, LDF (RLIN)
a 7
b cbc
c orignew
d 1
e ocip
f 20
g y-gencatlg
942 ## - ADDED ENTRY ELEMENTS (KOHA)
Source of classification or shelving scheme
Koha item type Book
Holdings
Withdrawn status Lost status Source of classification or shelving scheme Damaged status Not for loan Collection code Permanent Location Current Location Shelving location Date acquired Source of acquisition Cost, normal purchase price Total Checkouts Full call number Barcode Date last seen Price effective from Koha item type
            US-Pakistan Center for Advanced Studies in Energy (USPCAS-E) US-Pakistan Center for Advanced Studies in Energy (USPCAS-E)   10/28/2015 Multiline Books 7190.00   696 WAT-E 2003 CAS-E0000590 10/28/2015 10/28/2015 Book
© 2023 Central Library, National University of Sciences and Technology. All Rights Reserved.